[Event "5. Regina Helena Marques Prol"]
[Site "Santos BRA"]
[Date "2007.05.22"]
[Round "5.4"]
[White "Rodrigues, Tiago Pereira"]
[Black "Hungaski, Robert Andrew"]
[Result "0-1"]
[WhiteElo "2137"]
[BlackElo "2379"]
[PlyCount "128"]
[EventDate "2007.05.19"]
[EventType "tourn"]
[EventRounds "11"]
[EventCountry "BRA"]
[Source "lmi"]
[SourceDate "2007.05.19"]

1. d4 Nf6 2. c4 e6 3. Nc3 d5 4. cxd5 exd5 5. Bg5 c6 6. e3 Nbd7 7. Bd3 Be7 8.
Qc2 O-O 9. Nge2 Re8 10. O-O Nf8 11. f3 Be6 12. Rad1 Rc8 13. Kh1 a6 14. a3 N6d7
15. Bxe7 Qxe7 16. e4 dxe4 17. fxe4 c5 18. Qd2 Red8 19. Bb1 Ne5 20. d5 Bg4 21.
Rde1 Bxe2 22. Nxe2 Rd6 23. Ng3 g6 24. Qf4 Nfd7 25. Rf2 Rf6 26. Qg5 Qd8 27. Qd2
Rxf2 28. Qxf2 Qf6 29. Qe2 h5 30. Nf1 c4 31. Nd2 b5 32. Nf3 Nxf3 33. gxf3 Ne5
34. Rf1 Qf4 35. Bc2 h4 36. h3 Kg7 37. Qh2 g5 38. Qf2 Rd8 39. Bd1 Rd6 40. Qh2
Qxh2+ 41. Kxh2 Nd3 42. b3 Nf4 43. Rf2 cxb3 44. Bxb3 Kf6 45. Rc2 Ke5 46. Rc7 f6
47. a4 bxa4 48. Bxa4 Rb6 49. Re7+ Kd4 50. Rc7 a5 51. Bd7 Ke5 52. Ra7 Rb2+ 53.
Kg1 Ra2 54. Kf1 Kd4 55. Rc7 Ra1+ 56. Kf2 Nd3+ 57. Kg2 Ra2+ 58. Kg1 Ke5 59. Rc6
Kf4 60. Rb6 Kg3 61. Rb1 Rg2+ 62. Kf1 Rf2+ 63. Kg1 Nf4 64. Kh1 Ne2 0-1

[Event "5. Regina Helena Marques Prol"]
[Site "Santos BRA"]
[Date "2007.05.22"]
[Round "5.6"]
[White "Dolezal, Cristian"]
[Black "Viana Da Costa, Fernando"]
[Result "1-0"]
[WhiteElo "2414"]
[BlackElo "2288"]
[PlyCount "83"]
[EventDate "2007.05.19"]
[EventType "tourn"]
[EventRounds "11"]
[EventCountry "BRA"]
[Source "lmi"]
[SourceDate "2007.05.19"]

1. e4 c5 2. Nf3 Nc6 3. d4 cxd4 4. Nxd4 g6 5. Be2 Bg7 6. Nb3 Nf6 7. Nc3 O-O 8.
O-O d6 9. Re1 Be6 10. Bg5 Rc8 11. Qd2 Re8 12. Rad1 Na5 13. Bb5 Nc4 14. Qc1 Nd7
15. Nd4 a6 16. Nxe6 fxe6 17. Bxc4 Rxc4 18. Rxd6 Qc7 19. Rd3 Bxc3 20. bxc3 Rxc3
21. Qd2 Rxd3 22. cxd3 e5 23. Qb4 Qd6 24. Qxb7 Rb8 25. Qd5+ Qxd5 26. exd5 Rb5
27. Bxe7 Rxd5 28. Re3 Kf7 29. Bb4 Rb5 30. Be1 Rb2 31. a4 Kf6 32. Kf1 Kf5 33. a5
Rb5 34. Ke2 Nb8 35. Re4 Nc6 36. Bc3 Nxa5 37. Ra4 Nc6 38. Rxa6 Ne7 39. h3 h5 40.
Kf3 Nd5 41. g4+ Kg5 42. Bxe5 1-0

[Event "5. Regina Helena Marques Prol"]
[Site "Santos BRA"]
[Date "2007.05.23"]
[Round "6.2"]
[White "Limberg, Estacio Vermelho"]
[Black "Dolezal, Cristian"]
[Result "0-1"]
[WhiteElo "2379"]
[BlackElo "2288"]
[PlyCount "62"]
[EventDate "2007.05.19"]
[EventType "tourn"]
[EventRounds "11"]
[EventCountry "BRA"]
[Source "lmi"]
[SourceDate "2007.05.19"]

1. e4 e6 2. d4 d5 3. Nc3 Bb4 4. e5 c5 5. a3 Bxc3+ 6. bxc3 Ne7 7. Qg4 Qc7 8.
Qxg7 Rg8 9. Qxh7 cxd4 10. Ne2 Nbc6 11. f4 dxc3 12. Qd3 d4 13. Ng3 Bd7 14. Ne4
O-O-O 15. Nd6+ Kb8 16. Rb1 Bc8 17. Nxf7 Rd5 18. Ng5 Rxg5 19. fxg5 Nxe5 20. Qh7
d3 21. Bxd3 Nxd3+ 22. cxd3 Re5+ 23. Kf2 Rf5+ 24. Qxf5 Nxf5 25. Rb4 Qc5+ 26. Kf3
Nd4+ 27. Kg4 Qf5+ 28. Kh4 Qh7+ 29. Kg3 Qxd3+ 30. Kh4 Qe4+ 31. Kg3 a5 0-1

[Event "5. Regina Helena Marques Prol"]
[Site "Santos BRA"]
[Date "2007.05.23"]
[Round "6.3"]
[White "Hungaski, Robert Andrew"]
[Black "Molina, Roberto Junio Brito"]
[Result "0-1"]
[WhiteElo "2379"]
[BlackElo "2353"]
[PlyCount "128"]
[EventDate "2007.05.19"]
[EventType "tourn"]
[EventRounds "11"]
[EventCountry "BRA"]
[Source "lmi"]
[SourceDate "2007.05.19"]

1. e4 c5 2. Nf3 Nc6 3. d4 cxd4 4. Nxd4 e5 5. Nb5 a6 6. Nd6+ Bxd6 7. Qxd6 Qf6 8.
Qxf6 Nxf6 9. Nc3 Nb4 10. Kd2 d6 11. a3 Nc6 12. Ke1 Be6 13. f3 Ne7 14. Bd3 d5
15. exd5 Nexd5 16. Nxd5 Nxd5 17. Kf2 f6 18. Re1 Kf7 19. Bd2 Rac8 20. Rac1 Rhd8
21. Red1 Ne7 22. Ba5 Rd5 23. Bc3 Rcd8 24. Be2 h5 25. Ba5 Rxd1 26. Rxd1 Rxd1 27.
Bxd1 h4 28. Bb6 g5 29. b3 Nd5 30. Ba5 Bf5 31. g3 hxg3+ 32. hxg3 Ne7 33. Ke3 Bd7
34. Be1 Ke6 35. c4 Bc6 36. Bf2 Nf5+ 37. Kd3 Nd6 38. Be1 f5 39. Kc3 f4 40. gxf4
exf4 41. b4 Nf5 42. a4 Ne3 43. Bb3 Bxf3 44. Bd2 Nf1 45. Bc1 Ke5 46. Kd3 g4 47.
Bb2+ Kf5 48. Bd4 g3 49. c5 Nh2 50. Kd2 Be4 51. Bd1 f3 52. Ke1 Ng4 53. Kd2 f2
54. Be2 Bg2 55. b5 axb5 56. axb5 f1=Q 57. Bxf1 Bxf1 58. c6 bxc6 59. bxc6 Ba6
60. c7 Ke4 61. Bc5 Kf3 62. Ke1 Nf6 63. Bd6 g2 64. Bh2 Ne8 0-1

[Event "5. Regina Helena Marques Prol"]
[Site "Santos BRA"]
[Date "2007.05.23"]
[Round "6.4"]
[White "Marra, Eduardo da Costa"]
[Black "Rodrigues, Tiago Pereira"]
[Result "1-0"]
[WhiteElo "2290"]
[BlackElo "2240"]
[PlyCount "57"]
[EventDate "2007.05.19"]
[EventType "tourn"]
[EventRounds "11"]
[EventCountry "BRA"]
[Source "lmi"]
[SourceDate "2007.05.19"]

1. e4 c5 2. Nf3 d6 3. d4 cxd4 4. Nxd4 Nf6 5. Nc3 Nc6 6. f3 e6 7. Be3 Be7 8. Qd2
a6 9. g4 h6 10. O-O-O Bd7 11. h4 b5 12. Kb1 Nxd4 13. Qxd4 Bc6 14. Be2 e5 15.
Qd2 b4 16. Nd5 Bxd5 17. exd5 Nd7 18. Qxb4 O-O 19. g5 h5 20. f4 g6 21. f5 Qc7
22. Qe4 Nc5 23. Bxc5 Qxc5 24. fxg6 f5 25. gxf6 Rxf6 26. g7 Rb8 27. Bd3 Kxg7 28.
Qh7+ Kf8 29. Qh8+ 1-0

[Event "5. Regina Helena Marques Prol"]
[Site "Santos BRA"]
[Date "2007.05.23"]
[Round "6.6"]
[White "Diaz, Nahuel"]
[Black "Stamenkovic, Dragan"]
[Result "1/2-1/2"]
[WhiteElo "2409"]
[BlackElo "2423"]
[PlyCount "91"]
[EventDate "2007.05.19"]
[EventType "tourn"]
[EventRounds "11"]
[EventCountry "BRA"]
[Source "lmi"]
[SourceDate "2007.05.19"]

1. d4 d5 2. c4 c6 3. e3 Nf6 4. Nf3 e6 5. Bd3 Nbd7 6. O-O Bd6 7. Nc3 O-O 8. c5
Bc7 9. e4 dxe4 10. Nxe4 Nxe4 11. Bxe4 h6 12. Be3 e5 13. Bc2 Re8 14. d5 cxd5 15.
Qxd5 Nf6 16. Qxd8 Rxd8 17. Rfe1 Bg4 18. h3 Bxf3 19. gxf3 a5 20. a3 a4 21. Rac1
Kf8 22. Kf1 Ra5 23. Be4 Nxe4 24. fxe4 Ra6 25. Ke2 Ke7 26. Rc4 Kd7 27. Rd1+ Kc6
28. Rg1 g6 29. Bxh6 Rh8 30. Be3 Rxh3 31. Rb4 Ra5 32. Rc1 Rh8 33. Rcc4 Rha8 34.
Rb6+ Bxb6 35. cxb6+ Kd6 36. Rc7 Ke6 37. Rxb7 Rb5 38. Rc7 Rxb2+ 39. Kf1 Rd8 40.
Bc5 Rd1+ 41. Kg2 Rb5 42. Rc6+ Kd7 43. Rc7+ Ke6 44. Rc6+ Kd7 45. Rc7+ Ke6 46.
Rc6+ 1/2-1/2

[Event "5. Regina Helena Marques Prol"]
[Site "Santos BRA"]
[Date "2007.05.24"]
[Round "7.2"]
[White "Tsuboi, Edson Kenji"]
[Black "Diaz, Nahuel"]
[Result "1/2-1/2"]
[WhiteElo "2356"]
[BlackElo "2409"]
[PlyCount "58"]
[EventDate "2007.05.19"]
[EventType "tourn"]
[EventRounds "11"]
[EventCountry "BRA"]
[Source "lmi"]
[SourceDate "2007.05.19"]

1. e4 g6 2. d4 d6 3. Nf3 Bg7 4. c3 Nf6 5. Bd3 O-O 6. O-O b6 7. Re1 Nfd7 8. Bg5
Bb7 9. Nbd2 Nc6 10. Nc4 f6 11. Bh4 e5 12. dxe5 dxe5 13. b4 Qe8 14. Ne3 Nd8 15.
Qb3+ Kh8 16. Rad1 c6 17. Nc4 Nf7 18. Bf1 Qe7 19. Rd3 Rfd8 20. Rdd1 h5 21. h3
Kh7 22. Ne3 Nf8 23. Rxd8 Rxd8 24. Rd1 Rxd1 25. Qxd1 Ne6 26. Nd2 Qd7 27. f3 Nf4
28. Qc2 Bh6 29. Bf2 Bf8 1/2-1/2

[Event "5. Regina Helena Marques Prol"]
[Site "Santos BRA"]
[Date "2007.05.24"]
[Round "7.3"]
[White "Rodrigues, Tiago Pereira"]
[Black "Larrea, Manuel"]
[Result "0-1"]
[WhiteElo "2140"]
[BlackElo "2317"]
[PlyCount "92"]
[EventDate "2007.05.19"]
[EventType "tourn"]
[EventRounds "11"]
[EventCountry "BRA"]
[Source "lmi"]
[SourceDate "2007.05.19"]

1. e4 c5 2. Nf3 Nc6 3. d4 cxd4 4. Nxd4 Nf6 5. Nc3 d6 6. Be2 e5 7. Nb3 Be7 8.
O-O O-O 9. f4 a5 10. a4 Nb4 11. Bf3 b6 12. Rf2 Bb7 13. Be3 Bc6 14. Rd2 Qc7 15.
Nd5 Bxd5 16. exd5 Rad8 17. c3 Na6 18. Qc2 Nc5 19. h3 Nxb3 20. Qxb3 Nd7 21. f5
Rc8 22. g4 Qd8 23. Rg2 Bg5 24. Bf2 Re8 25. Be2 e4 26. Qc2 e3 27. Bg3 Qf6 28.
Kh2 Nc5 29. Bf3 Bh4 30. Bf4 g5 31. Bg3 Bxg3+ 32. Rxg3 Qe5 33. Re1 Qf4 34. Bg2
Nxa4 35. f6 Re5 36. Re2 Nc5 37. Qc1 Rce8 38. Qf1 Nd3 39. Qf3 Qxf3 40. Bxf3 Nf4
41. Re1 e2 42. Rg2 Nxg2 43. Kxg2 h6 44. Kf2 Kh7 45. Bxe2 Kg6 46. Bd3+ Kxf6 0-1

[Event "5. Regina Helena Marques Prol"]
[Site "Santos BRA"]
[Date "2007.05.24"]
[Round "7.4"]
[White "Molina, Roberto Junio Brito"]
[Black "Marra, Eduardo da Costa"]
[Result "0-1"]
[WhiteElo "2353"]
[BlackElo "2290"]
[PlyCount "118"]
[EventDate "2007.05.19"]
[EventType "tourn"]
[EventRounds "11"]
[EventCountry "BRA"]
[Source "lmi"]
[SourceDate "2007.05.19"]

1. d4 Nf6 2. Nf3 g6 3. e3 Bg7 4. Be2 d6 5. O-O Nbd7 6. b3 O-O 7. Bb2 Re8 8.
Nbd2 e5 9. dxe5 Ng4 10. Nc4 Ngxe5 11. Qc1 Nxc4 12. Bxc4 Ne5 13. Be2 Bg4 14.
Nxe5 Bxe2 15. Re1 Bxe5 16. Rxe2 Qf6 17. c4 Qf5 18. Qc2 Qh5 19. h3 Re7 20. Rd1
Bxb2 21. Qxb2 Rae8 22. Rd4 Re5 23. Red2 a5 24. Qc3 b6 25. a3 Rg5 26. Kh2 Rge5
27. Qc2 Qh6 28. Qd1 Qf8 29. Qf3 Rf5 30. Qg3 Qe7 31. Qg4 Qe5+ 32. Kg1 Qc5 33. a4
Qa3 34. Qd1 Re6 35. Qc2 Ree5 36. Qc3 Qc5 37. Qd3 Qb4 38. Qc2 Qc5 39. Qd3 Qc6
40. Qc2 Rc5 41. Qe4 Qd7 42. Qa8+ Kg7 43. Qe4 Rfe5 44. Qb7 Qf5 45. R2d3 Qf6 46.
Rd2 Rg5 47. Qe4 Rce5 48. Qd3 Qf3 49. Qf1 Qxh3 50. g3 Qf5 51. Qd3 Qf3 52. Qe2
Rxe3 53. Qxe3 Rxg3+ 54. Kf1 Qh1+ 55. Ke2 Rxe3+ 56. Kxe3 Qe1+ 57. Kd3 h5 58. Kc2
g5 59. f3 f5 0-1

[Event "5. Regina Helena Marques Prol"]
[Site "Santos BRA"]
[Date "2007.05.24"]
[Round "7.5"]
[White "Dolezal, Cristian"]
[Black "Hungaski, Robert Andrew"]
[Result "1/2-1/2"]
[WhiteElo "2414"]
[BlackElo "2379"]
[PlyCount "83"]
[EventDate "2007.05.19"]
[EventType "tourn"]
[EventRounds "11"]
[EventCountry "BRA"]
[Source "lmi"]
[SourceDate "2007.05.19"]

1. d4 d5 2. g3 Nf6 3. Bg2 e6 4. e3 Be7 5. Ne2 O-O 6. b3 b6 7. c4 Bb7 8. O-O Qc8
9. Ba3 Bxa3 10. Nxa3 dxc4 11. Nxc4 Bxg2 12. Kxg2 c5 13. Rc1 Nbd7 14. f3 Qa6 15.
e4 Rad8 16. Rc2 cxd4 17. Nxd4 b5 18. Ne3 Ne5 19. Rd2 Rd7 20. Qe2 Rfd8 21. Rfd1
Qb6 22. Nec2 a6 23. f4 Nc6 24. Nxc6 Qxc6 25. Rxd7 Rxd7 26. Nb4 Qb7 27. Rxd7
Nxd7 28. Qc2 h6 29. Qc6 Qxc6 30. Nxc6 f6 31. Kf3 e5 32. f5 Kf8 33. Ke3 Ke8 34.
b4 Nb6 35. Nb8 Na4 36. Nxa6 Kd7 37. Kd3 Kc6 38. a3 Kb6 39. Nb8 Kc7 40. Na6+ Kb6
41. Nb8 Kc7 42. Na6+ 1/2-1/2

[Event "5. Regina Helena Marques Prol"]
[Site "Santos BRA"]
[Date "2007.05.24"]
[Round "7.6"]
[White "Viana Da Costa, Fernando"]
[Black "Limberg, Estacio Vermelho"]
[Result "1-0"]
[WhiteElo "2288"]
[BlackElo "2255"]
[PlyCount "91"]
[EventDate "2007.05.19"]
[EventType "tourn"]
[EventRounds "11"]
[EventCountry "BRA"]
[Source "lmi"]
[SourceDate "2007.05.19"]

1. c4 c5 2. Nf3 g6 3. d4 Bg7 4. Nc3 cxd4 5. Nxd4 Nc6 6. Nc2 Bxc3+ 7. bxc3 Qa5
8. e4 Nf6 9. f3 h5 10. Be2 d6 11. O-O g5 12. Qd3 g4 13. Ne3 Ne5 14. Qd4 gxf3
15. Bxf3 Be6 16. Rb1 b6 17. Rb5 Qxa2 18. Rxe5 dxe5 19. Qxe5 Bxc4 20. Nd5 Bxd5
21. exd5 Qa5 22. Be3 Rd8 23. Re1 Rxd5 24. Bxd5 Qxd5 25. Qb8+ Qd8 26. Qxa7 Kf8
27. Bxb6 Qd7 28. Qb8+ Kg7 29. Qf4 Rh6 30. Bc5 Ng8 31. Qe5+ f6 32. Qe2 Qg4 33.
Bxe7 Qxe2 34. Rxe2 Nxe7 35. Rxe7+ Kg6 36. Kf2 Rh8 37. Ke3 Rd8 38. c4 Rd1 39.
Ra7 h4 40. Ra2 h3 41. gxh3 Kf5 42. Rc2 Ke5 43. c5 Rd7 44. c6 Rc7 45. h4 Kf5 46.
h3 1-0

[Event "5. Regina Helena Marques Prol"]
[Site "Santos BRA"]
[Date "2007.05.24"]
[Round "8.2"]
[White "Hungaski, Robert Andrew"]
[Black "Viana Da Costa, Fernando"]
[Result "1-0"]
[WhiteElo "2379"]
[BlackElo "2288"]
[PlyCount "89"]
[EventDate "2007.05.19"]
[EventType "tourn"]
[EventRounds "11"]
[EventCountry "BRA"]
[Source "lmi"]
[SourceDate "2007.05.19"]

1. e4 c5 2. Nf3 Nc6 3. d4 cxd4 4. Nxd4 g6 5. Nc3 Bg7 6. Be3 Nf6 7. f3 O-O 8. g4
d6 9. Qd2 Nxd4 10. Bxd4 Be6 11. h4 Qa5 12. h5 Rfc8 13. a3 Rab8 14. h6 Bh8 15.
g5 Nd7 16. f4 Bxd4 17. Qxd4 f6 18. O-O-O Qc5 19. gxf6 Nxf6 20. e5 dxe5 21. fxe5
Nd7 22. Bg2 Nf8 23. Qf4 b5 24. Rd5 Qc7 25. Rf1 Bf5 26. Rd2 Ne6 27. Qg3 Kh8 28.
Bd5 Rf8 29. Rxf5 Rxf5 30. Bxe6 Qxe5 31. Qxe5+ Rxe5 32. Bg4 Kg8 33. Rd7 a5 34.
b4 axb4 35. axb4 Kf7 36. Kd2 Kf6 37. Be2 Kg5 38. Nd5 Kxh6 39. Bd3 Kg5 40. Nxe7
Rb6 41. Nc8 Rf6 42. Rxh7 Kf4 43. Ne7 Rg5 44. Rg7 Rg2+ 45. Kc3 1-0

[Event "5. Regina Helena Marques Prol"]
[Site "Santos BRA"]
[Date "2007.05.24"]
[Round "8.3"]
[White "Marra, Eduardo da Costa"]
[Black "Dolezal, Cristian"]
[Result "0-1"]
[WhiteElo "2290"]
[BlackElo "2414"]
[PlyCount "44"]
[EventDate "2007.05.19"]
[EventType "tourn"]
[EventRounds "11"]
[EventCountry "BRA"]
[Source "lmi"]
[SourceDate "2007.05.19"]

1. e4 c5 2. Nf3 e6 3. d4 cxd4 4. Nxd4 Nf6 5. Nc3 Nc6 6. Ndb5 Bc5 7. Nd6+ Ke7 8.
Nc4 d5 9. e5 dxc4 10. exf6+ gxf6 11. Qxd8+ Rxd8 12. Bxc4 Ne5 13. Be2 f5 14. Bd2
Bxf2+ 15. Kxf2 Rxd2 16. Ke3 Rxc2 17. Rab1 Bd7 18. Rhd1 Bc6 19. g3 Rc8 20. Rd4
h5 21. Rh4 Ng4+ 22. Bxg4 hxg4 0-1

[Event "5. Regina Helena Marques Prol"]
[Site "Santos BRA"]
[Date "2007.05.24"]
[Round "8.4"]
[White "Larrea, Manuel"]
[Black "Molina, Roberto Junio Brito"]
[Result "1/2-1/2"]
[WhiteElo "2317"]
[BlackElo "2353"]
[PlyCount "74"]
[EventDate "2007.05.19"]
[EventType "tourn"]
[EventRounds "11"]
[EventCountry "BRA"]
[Source "lmi"]
[SourceDate "2007.05.19"]

1. e4 c6 2. d4 d5 3. e5 Bf5 4. Nf3 e6 5. Be2 Ne7 6. O-O c5 7. Be3 cxd4 8. Nxd4
Nbc6 9. c4 Nxd4 10. Bxd4 Nc6 11. cxd5 Qxd5 12. Bf3 Be4 13. Bxe4 Qxe4 14. Bc3
Be7 15. Nd2 Qd5 16. Re1 O-O-O 17. Qa4 Kb8 18. Nf3 a6 19. Rac1 g5 20. a3 h5 21.
Red1 Qb5 22. Qxb5 axb5 23. Nd4 Rd5 24. Nxc6+ bxc6 25. Rxd5 exd5 26. Bd4 Rc8 27.
b4 Kc7 28. g3 g4 29. f4 gxf3 30. Kf2 Kd7 31. Kxf3 Ra8 32. Rc3 Rc8 33. Kf4 Rg8
34. h3 Bg5+ 35. Kf3 Be7 36. g4 hxg4+ 37. hxg4 Bg5 1/2-1/2

[Event "5. Regina Helena Marques Prol"]
[Site "Santos BRA"]
[Date "2007.05.24"]
[Round "8.5"]
[White "Diaz, Nahuel"]
[Black "Rodrigues, Tiago Pereira"]
[Result "1-0"]
[WhiteElo "2409"]
[BlackElo "2140"]
[PlyCount "93"]
[EventDate "2007.05.19"]
[EventType "tourn"]
[EventRounds "11"]
[EventCountry "BRA"]
[Source "lmi"]
[SourceDate "2007.05.19"]

1. d4 Nf6 2. g3 g6 3. Bg2 Bg7 4. e4 d6 5. Ne2 a6 6. O-O O-O 7. Nbc3 e5 8. h3
Nbd7 9. Bg5 h6 10. Be3 b5 11. Qd2 Kh7 12. Rad1 Qe7 13. a3 Bb7 14. d5 Ng8 15. a4
b4 16. Na2 a5 17. c3 Nc5 18. cxb4 axb4 19. Nxb4 Nxa4 20. Qc2 Qd7 21. Nc6 Ra6
22. Ra1 Rfa8 23. Rfc1 Bxc6 24. dxc6 Qe8 25. b4 Ne7 26. b5 Ra5 27. Bd2 R5a7 28.
Ra2 Qb8 29. Rb1 Nb6 30. Rxa7 Qxa7 31. Be3 Qa5 32. Kh2 Qa3 33. Nc3 Nec8 34. Rb3
Qa1 35. Rb1 Qa5 36. Qb3 Kg8 37. h4 Ne7 38. Rb2 Qa3 39. Qxa3 Rxa3 40. Bxb6 cxb6
41. Nd5 Nxd5 42. exd5 Rc3 43. h5 Kh7 44. Ra2 f5 45. g4 e4 46. Ra7 Kg8 47. c7
1-0

[Event "5. Regina Helena Marques Prol"]
[Site "Santos BRA"]
[Date "2007.05.25"]
[Round "9.1"]
[White "Tsuboi, Edson Kenji"]
[Black "Lima, Diniz Neves"]
[Result "1/2-1/2"]
[WhiteElo "2356"]
[BlackElo "2137"]
[PlyCount "142"]
[EventDate "2007.05.19"]
[EventType "tourn"]
[EventRounds "11"]
[EventCountry "BRA"]
[Source "lmi"]
[SourceDate "2007.05.19"]

1. e4 c5 2. Nf3 Nc6 3. d4 cxd4 4. Nxd4 g6 5. c4 Bg7 6. Be3 Nf6 7. Nc3 O-O 8.
Be2 b6 9. O-O Bb7 10. f3 e6 11. Qd2 d5 12. Nxc6 Bxc6 13. cxd5 exd5 14. e5 Ne8
15. f4 f6 16. exf6 Nxf6 17. Rad1 Qd7 18. Bd4 Rad8 19. g3 Rfe8 20. Bf3 Ne4 21.
Qd3 Bxd4+ 22. Qxd4 Qg7 23. Qxg7+ Kxg7 24. Bxe4 dxe4 25. Rxd8 Rxd8 26. Rd1 Rxd1+
27. Nxd1 Kf6 28. Kf2 g5 29. Ke3 Kf5 30. fxg5 Kxg5 31. Nf2 Kf5 32. Kd4 Bb7 33.
h3 h5 34. Ke3 Ke5 35. a3 Bc6 36. Nd1 Bd7 37. Nf2 Bc6 38. g4 hxg4 39. Nxg4+ Kf5
40. Nf2 Ke5 41. Nd1 Bd7 42. h4 Bc6 43. Nc3 Kf5 44. h5 Kg5 45. Nxe4+ Kxh5 46.
Nd6 Bd7 47. Kf4 Kg6 48. Ke5 Kg7 49. Ne4 Kf8 50. Kd6 Bh3 51. Nc3 Bf1 52. Kd7 Kf7
53. Nd5 Bg2 54. Nc3 Kf6 55. Nb5 a6 56. Nc7 a5 57. Nb5 Ke5 58. Kc7 a4 59. Kxb6
Kd5 60. Nc3+ Kc4 61. Nxa4 Kb3 62. Nc5+ Kxb2 63. a4 Ka3 64. a5 Bf1 65. Ne6 Kb4
66. Nd4 Bd3 67. Nc6+ Ka4 68. Ne5 Be2 69. Nd7 Kb4 70. Nf6 Ka4 71. Nd5 Bf1
1/2-1/2

[Event "5. Regina Helena Marques Prol"]
[Site "Santos BRA"]
[Date "2007.05.25"]
[Round "9.2"]
[White "Rodrigues, Tiago Pereira"]
[Black "Stamenkovic, Dragan"]
[Result "0-1"]
[WhiteElo "2140"]
[BlackElo "2423"]
[PlyCount "66"]
[EventDate "2007.05.19"]
[EventType "tourn"]
[EventRounds "11"]
[EventCountry "BRA"]
[Source "lmi"]
[SourceDate "2007.05.19"]

1. e4 c5 2. Nf3 d6 3. d4 cxd4 4. Nxd4 Nf6 5. Nc3 g6 6. Be3 Bg7 7. f3 a6 8. Qd2
Nbd7 9. O-O-O b5 10. g4 Bb7 11. Rg1 Rc8 12. a3 Ne5 13. h4 h5 14. g5 Nfd7 15.
Kb1 Nb6 16. Qe1 Nec4 17. Bxc4 Nxc4 18. Bc1 Qc7 19. Na2 e5 20. Ne2 d5 21. Nec3
d4 22. Ne2 O-O 23. Rd3 Nxb2 24. Rd2 Nc4 25. Rd3 Rfd8 26. Ng3 Nb2 27. Rd2 Na4
28. Qe2 Rd6 29. Rf1 a5 30. f4 exf4 31. Rxf4 Be5 32. Rf3 b4 33. axb4 axb4 0-1

[Event "5. Regina Helena Marques Prol"]
[Site "Santos BRA"]
[Date "2007.05.25"]
[Round "9.3"]
[White "Molina, Roberto Junio Brito"]
[Black "Diaz, Nahuel"]
[Result "0-1"]
[WhiteElo "2353"]
[BlackElo "2409"]
[PlyCount "60"]
[EventDate "2007.05.19"]
[EventType "tourn"]
[EventRounds "11"]
[EventCountry "BRA"]
[Source "lmi"]
[SourceDate "2007.05.19"]

1. d4 Nf6 2. Nf3 g6 3. e3 Bg7 4. Be2 O-O 5. O-O d6 6. b3 c5 7. Bb2 cxd4 8. Nxd4
Nc6 9. c4 Bd7 10. Nc3 a6 11. Qd2 Rc8 12. Rac1 Re8 13. Rfd1 h5 14. Bf3 Bg4 15.
Nxc6 bxc6 16. Bxg4 hxg4 17. Qe2 Qa5 18. c5 d5 19. Na4 Qb5 20. Qc2 Qb7 21. Nb6
Rcd8 22. Be5 Ne4 23. Bg3 e5 24. Qe2 f5 25. b4 f4 26. f3 Nxg3 27. hxg3 fxg3 28.
fxg4 Qe7 29. Kf1 Rf8+ 30. Ke1 Rf2 0-1

[Event "5. Regina Helena Marques Prol"]
[Site "Santos BRA"]
[Date "2007.05.25"]
[Round "9.6"]
[White "Limberg, Estacio Vermelho"]
[Black "Hungaski, Robert Andrew"]
[Result "1/2-1/2"]
[WhiteElo "2255"]
[BlackElo "2379"]
[PlyCount "37"]
[EventDate "2007.05.19"]
[EventType "tourn"]
[EventRounds "11"]
[EventCountry "BRA"]
[Source "lmi"]
[SourceDate "2007.05.19"]

1. d4 d5 2. c4 e6 3. Nc3 c6 4. e4 dxe4 5. Nxe4 Bb4+ 6. Bd2 Qxd4 7. Bxb4 Qxe4+
8. Be2 Na6 9. Ba5 f6 10. Qd8+ Kf7 11. Rd1 b6 12. Bc3 Rb8 13. Rd4 Qb1+ 14. Rd1
Qf5 15. Nf3 h6 16. O-O e5 17. Nh4 Qg5 18. Nf3 Qf5 19. Nh4 1/2-1/2

[Event "5. Regina Helena Marques Prol"]
[Site "Santos BRA"]
[Date "2007.05.26"]
[Round "10.1"]
[White "Lima, Diniz Neves"]
[Black "Hungaski, Robert Andrew"]
[Result "0-1"]
[WhiteElo "2137"]
[BlackElo "2379"]
[PlyCount "32"]
[EventDate "2007.05.19"]
[EventType "tourn"]
[EventRounds "11"]
[EventCountry "BRA"]
[Source "lmi"]
[SourceDate "2007.05.19"]

1. e4 e5 2. Bc4 Nf6 3. f4 exf4 4. Nc3 d6 5. d4 Bg4 6. Nf3 Nh5 7. O-O g5 8. Ne5
dxe5 9. Qxg4 Nf6 10. Qxg5 Qxd4+ 11. Be3 Qxe3+ 12. Kh1 Nbd7 13. Rad1 O-O-O 14.
Bxf7 Bd6 15. Rfe1 Qb6 16. Be6 Kb8 0-1

[Event "5. Regina Helena Marques Prol"]
[Site "Santos BRA"]
[Date "2007.05.26"]
[Round "10.4"]
[White "Diaz, Nahuel"]
[Black "Dolezal, Cristian"]
[Result "1/2-1/2"]
[WhiteElo "2409"]
[BlackElo "2414"]
[PlyCount "100"]
[EventDate "2007.05.19"]
[EventType "tourn"]
[EventRounds "11"]
[EventCountry "BRA"]
[Source "lmi"]
[SourceDate "2007.05.19"]

1. Nf3 c5 2. c4 g6 3. g3 Bg7 4. Bg2 Nc6 5. O-O d6 6. Nc3 e6 7. b3 Nge7 8. Bb2
O-O 9. e3 b6 10. d4 Bb7 11. Qd2 Na5 12. Rad1 Bxf3 13. Bxf3 cxd4 14. exd4 Rc8
15. d5 e5 16. Nb5 a6 17. Na7 Rc7 18. Nc6 Naxc6 19. dxc6 Nxc6 20. Qxd6 Nd4 21.
Qxd8 Rxd8 22. Bd5 b5 23. Kg2 bxc4 24. Bxc4 a5 25. a4 Rb7 26. Rfe1 Rdb8 27. Bc3
Nxb3 28. Bxe5 Bxe5 29. Rxe5 Rc7 30. Bb5 Kg7 31. h4 Rb6 32. Rd3 Nc1 33. Rf3 Rf6
34. Bf1 Rxf3 35. Kxf3 Nb3 36. Kg2 Rc3 37. Rb5 Kf6 38. h5 Kg7 39. Kh3 Kh6 40.
Bg2 f5 41. hxg6 hxg6 42. Bd5 Nc5 43. Rxa5 Nd3 44. f3 Rc2 45. f4 Nf2+ 46. Kg2
Ne4+ 47. Kh3 Nf2+ 48. Kg2 Ne4+ 49. Kh3 Nf2+ 50. Kg2 Ne4+ 1/2-1/2

[Event "5. Regina Helena Marques Prol"]
[Site "Santos BRA"]
[Date "2007.05.26"]
[Round "10.5"]
[White "Stamenkovic, Dragan"]
[Black "Molina, Roberto Junio Brito"]
[Result "0-1"]
[WhiteElo "2423"]
[BlackElo "2353"]
[PlyCount "70"]
[EventDate "2007.05.19"]
[EventType "tourn"]
[EventRounds "11"]
[EventCountry "BRA"]
[Source "lmi"]
[SourceDate "2007.05.19"]

1. d4 f5 2. g3 Nf6 3. Bg2 g6 4. c4 Bg7 5. Nc3 d6 6. Nf3 O-O 7. O-O Qe8 8. d5
Na6 9. Rb1 Nc5 10. Nb5 Qd8 11. Nfd4 a6 12. Nc3 a5 13. b3 Bd7 14. Ba3 Nce4 15.
Nxe4 Nxe4 16. Qd3 Nc5 17. Qe3 f4 18. Qd2 g5 19. Rbd1 Qe8 20. Bxc5 dxc5 21. Ne6
Qh5 22. Nxc5 Bh3 23. Ne6 Be5 24. Qd3 Bf5 25. Be4 Bxe6 26. dxe6 g4 27. Bxb7 Rab8
28. Qe4 Rf5 29. Rd3 Rbf8 30. Qg2 Qg5 31. Be4 R5f6 32. Rd5 h5 33. f3 c6 34. Rxe5
Qxe5 35. Bxc6 Qc5+ 0-1

[Event "5. Regina Helena Marques Prol"]
[Site "Santos BRA"]
[Date "2007.05.26"]
[Round "10.6"]
[White "Tsuboi, Edson Kenji"]
[Black "Rodrigues, Tiago Pereira"]
[Result "1/2-1/2"]
[WhiteElo "2353"]
[BlackElo "2140"]
[PlyCount "96"]
[EventDate "2007.05.19"]
[EventType "tourn"]
[EventRounds "11"]
[EventCountry "BRA"]
[Source "lmi"]
[SourceDate "2007.05.19"]

1. e4 c5 2. Nf3 d6 3. d4 cxd4 4. Nxd4 Nf6 5. Nc3 a6 6. Be2 e6 7. O-O Be7 8. f4
Qc7 9. a4 Nbd7 10. Bf3 O-O 11. Kh1 g6 12. g4 Ne8 13. g5 Ng7 14. Bg2 f5 15. exf5
gxf5 16. Qe2 Nb8 17. Be3 Bd7 18. h4 Be8 19. Bg1 Bf7 20. Rae1 Nd7 21. Bf3 Nc5
22. h5 Bd8 23. h6 Ne8 24. b4 Nd7 25. Qe3 Rc8 26. Nxe6 Qxc3 27. Qxc3 Rxc3 28.
Nxd8 Rxf3 29. Rxf3 Bd5 30. Kg2 Nc7 31. Nxb7 Bxb7 32. Re7 Rf7 33. Ree3 Nb6 34.
Kg3 Bxf3 35. Kxf3 Nbd5 36. Rb3 Ne6 37. b5 axb5 38. axb5 Ndxf4 39. b6 Rb7 40.
Ra3 Ng6 41. Ra8+ Kf7 42. Ra7 Nd8 43. Be3 Ke6 44. Ra8 Rd7 45. Bd4 Ne5+ 46. Kf4
Ng6+ 47. Kf3 Ne5+ 48. Kf4 Ng6+ 1/2-1/2